000 00906 a2200217 4500
001 47418
005 20260407155741.0
008 260407a1976 arg spa d
003 AR-UNSa-BCEJYS
040 _aAR-UNSa-BCEJYS
_bspa
_cAR-UNSa-BCEJYS
080 _a330
_xEconomía en general
245 1 0 _aHerejías Econónicas
_pviejas controversias de la teoría económica
020 _a84-344-1991-2
264 1 _aBarcelona :
_bAriel
_c1976
300 _a187 p.
_c19 cm.
505 _a1. Estados estacionarios - 2. El corto plazo - 3. Interés y beneficio - 4. Rendimientos crecientes y decrecientes - 5. Modelos no monetarios - 6. Precios y dinero - 7. Teoría de la empresa - 8. Modelos de crecimiento.
942 _cBK
590 _aniveau_biblio:m niveau_hierar:0
100 1 _aRobinson, Joan
856 4 1 _uhttps://www.biblioeco.unsa.edu.ar/pmb/images/libros/L127500.jpg
_yImagen de portada
_qimage/jpeg
999 _c4357
_d4357